| 000 | 00444nam a2200157 i 4500 | ||
|---|---|---|---|
| 001 | 52465 | ||
| 003 | ES-MaACL | ||
| 005 | 20230906162603.0 | ||
| 007 | t| | ||
| 008 | 030829s1969 sp ||||1| spa d | ||
| 100 | 1 |
_aDavid, Jakob. _942875 |
|
| 245 | 1 | 0 |
_aMatrimonio y paternidad segĂșn el Concilio... / _cJakob David. |
| 260 |
_a[Bilbao] : _bDesclée de Brouwer, _c[1969] |
||
| 300 |
_a160 p. ; _c19 cm. |
||
| 852 |
_aES-MaACL _jC-51618 _bR.72022 |
||
| 999 |
_c52465 _d52465 |
||